Quizzes
Events
Quiz Creation
Community
Videos
Private Events
Remove Ads
Sign In
Join for FREE
Feedback
Dark Mode
Quiz Categories
Sports
Geography
Music
Movies
Television
Just For Fun
Miscellaneous
History
Literature
Language
Science
Gaming
Entertainment
Religion
Holiday
For Kids
Quiz Lab
Recent
Popular Today
Quiz Kudos Today
Editor Picks
Curator Picks
Quizzes by...
Day
Popularity
Type
Ratings
Length
Year
Community
Subscriptions
Recent Discussions
Orange Saloon
Badges
Playlists
Quests
Create
Leaderboards
Showdown
Live 5
Trivia Bingo
Activity
Puzzle Library
Sporcle Events
Private Events
Virtual Trivia
Globe League
Become a Host
Pub Owners
SporcleCon
Opinionation
Our Games
Videos
Blog
Mobile Apps
Partnerships
Remove Ads and Go Orange
Feedback
Geography
Country
Landmarks
City
State
Population
World
Capital
Continent
Flags
Europe
Africa
Asia
South America
North America
Oceania
Border
Canada
United Kingdom
Topography
United States
Geography
Country
Landmarks
City
State
Population
World
Capital
Continent
Flags
Europe
Africa
Asia
South America
North America
Oceania
Border
Canada
United Kingdom
Topography
United States
Random Quiz
Search Sporcle
×
Editor Pick
Editor Pick
Geography
Population
Type in answers that appear in a list
Type in answers that appear in a list
Classic
Best Score? Go Orange.
European Cities A-Z Stats
Can you name the the largest cities in Europe per letter in alphabet*?
By
GeoExpert
5m
25 Questions
11.1K Plays
11,052 Plays
11,052 Plays
Comments
Comments
Give Quiz Kudos
Give Quiz Kudos
-
- Ratings
hide this ad
More Info
Replay
Link that replays current quiz
Next Quiz
Link to next quiz in quiz playlist
You Got
0%
They Got
Avg Score
49%
Avg Friend Score
Upgrade to see
Score Distribution
Jump to the score distribution portion of the page
Score
0/25
Timer
05:00
0
Plays Today
Letter
City
% Correct
L
London, UK
96.9%
P
Paris, France
93.9%
B
Berlin, Germany
93.9%
M
Moscow, Russia
89.8%
R
Rome, Italy
85.1%
W
Warsaw, Poland
77.3%
A
Athens, Greece
74.9%
I
Istanbul, Turkey
73.8%
V
Vienna, Austria
69.5%
K
Kyiv, Ukraine
67.7%
S
St. Petersburg, Russia
65.2%
C
Copenhagen, Denmark
62.5%
H
Hamburg, Germany
56.2%
Letter
City
% Correct
F
Frankfurt, Germany
51.9%
G
Glasgow, UK
38.9%
T
Turin, Italy
37%
E
Essen, Germany
29%
O
Odessa, Ukraine
24.5%
N
Nizhny Novgorod, Russia
17.9%
U
Ufa, Russia
12.9%
D
Dnipropėtrovsk, Ukraine
10.6%
Y
Yaroslavl, Russia
6.2%
J
Jerez, Spain
5.4%
Z
Zaporizhzhya, Ukraine
3.2%
Q
Queluz, Portugal
3%
Quiz Playlist
Details
Report
Send in Message
Add To Playlist
More Info:
*Over 100,000 population.
Classic:
Type in answers that appear in a list
Quiz Source
Last Updated: Aug 30, 2017
Editor Pick in
Geography
Quiz Scoreboard
CHALLENGE
Sign Up to Join the Scoreboard
Show All
Scores
Hide
Comments
May contain spoilers
Recently Published
9x9 Crossword: Cartoon Network
by jackfrog10
Miscellaneous
3m
College Basketball Coaching Resumes
by pancakes188
Sports
9m
Billboard Blitz: Fleetwood Mac
by CooCooCachoo
Music
15s
More to Explore
Quiz From the Vault
Featured Blog Post
Where Did the Easter Bunny Come From?
hide this ad
You Might Also Like...
Tags
Alphabet Quiz
City Quiz
Europe Quiz
Letter Quiz
Population Quiz
A-Z
largest
Today's Top Quizzes in Geography
Browse Geography
hide this ad
Today's Top Quizzes in Population
Browse Population
Top Contributed Quizzes in Geography
1
Countries of the World - No Outlines Minefield
2
Top 25 Cities of France on a map
3
Any capital of a 'B' country per Continent
4
Any capital of a 'C' country per Continent
5
Closest Countries to UK A-Z
6
Any capital of a 'D' country per Continent
7
5-to-1: US Geography No Hints
8
Any capital of an 'E' country per Continent
9
Find the US States - No Outlines
10
Any capital of an 'F' country per Continent
Explore More
Trending Topics
Disney
Anime
Marvel
Crossword
Kpop
Harry Potter
NBA
Puzzle
Soccer
NFL
Pokémon
The Office
Country
Song
WWE
hide this ad
More By:
GeoExpert
Quiz
Plays
Rating
Category
Featured
Created
Seven Ways to Reach First Base
1,086,454
4.16
Sports
Sep 9, 2009
Most Visited Cities
390,037
4.23
Geography
Sep 1, 2009
Top 20 Cities of Germany on a Map
324,545
4.70
Geography
Sep 6, 2009
Cities and Countries
311,424
4.28
Geography
May 29, 2009
Top 20 Cities of Spain on a Map
255,180
4.52
Geography
Aug 18, 2009
Go to Creator's Profile
Score Distribution
Quiz Creator Spotlight
GeoExpert
Follow
Send a Message
Quizzes Created
-
Created Quiz Play Count
-
More By This Creator
Popular Quizzes Today
1
Find the US States - No Outlines Minefield
2
Find the Countries of Europe - No Outlines Minefield
3
The Countries of the World
4
Find the US States
5
Risky Map Clicking: Biggest States A-Z
6
US States
7
Popular People in 1961
8
Movies - When Are They Set?
More Geography Quizzes
World Cities: India
Editor's Pick
Trending Quizzes
Risky Map Clicking: Least Populous States A-Z
1-10 Letter G Words
Risky Map Clicking: Next State Alphabetically
Adjectives in 80s TV Shows
Risky Map Clicking: Biggest States A-Z
Recently Updated
Leaping Animals
pecheneg
Reality TV Shows (A-Z)
bhenderson79
Rickey Henderson's Hall of Fame Teammates
pecheneg
Champions League XIs: Arsenal
pecheneg
Quick Pick: Celebrities in WWE's Hall of Fame
aduchscher
A-Z Keypad Blitz II
pecheneg
Multiple Oscar Actors
pecheneg
Mystery Phrase Blitz: Oscar 'Best Actors'
pecheneg
F. Scott Fitzgerald Novels
LTH
Pick 3 Villains
ddd62291
Trending Topics
Crossword
Kpop
Anime
Disney
Marvel
Harry Potter
NBA
Pokémon
Song
NFL
Soccer
Country
WWE
The Office
Puzzle
Your Account Isn't Verified!
In order to create a playlist on Sporcle, you need to verify the email address you used during registration. Go to your
Sporcle Settings
to finish the process.
Report this User
Report this user for behavior that violates our
Community Guidelines
.
Details:
Send Report
Go to the Sporcle.com Mobile Site →
Comments